|
|
|
|
| LEADER |
00000cab a2200000 ar4500 |
| 001 |
vtls008887994 |
| 003 |
SK-MaSNL |
| 005 |
20260303061751.0 |
| 008 |
061205c2002 xo |r|p|||||||000 b|slo |
| 015 |
|
|
|a SNBRA2006/11
|2 snkbucl
|
| 038 |
|
|
|a SNKBUCL
|
| 040 |
|
|
|a SNKBUCL
|b slo
|c SNKBUCL
|e AACR2
|
| 041 |
0 |
|
|a slo
|
| 044 |
|
|
|a xo
|c SK
|
| 080 |
|
|
|a 930.1-051
|x (01)
|2 2001
|
| 080 |
|
|
|a 929 Chalupecký, Ivan
|2 2001
|
| 100 |
1 |
|
|a Kollárová, Zuzana,
|d 1964-
|4 aut
|9 103619
|
| 245 |
1 |
0 |
|a Bibliografia Doc. PhDr. Ivana Chalupeckého
|c Zuzana Kollárová
|
| 504 |
|
|
|a Bibliogr. odkazy
|
| 600 |
1 |
7 |
|a Chalupecký, Ivan,
|d 1932-2020
|2 snkbucl
|9 199754
|
| 650 |
0 |
7 |
|a publikačná činnosť
|2 snkbucl
|9 66957
|
| 655 |
|
7 |
|a bibliografie
|2 snkbucl
|9 28668
|
| 773 |
0 |
|
|t Z minulosti Spiša IX-X/2001/2002
|d Levoča : Spišský dejepisný spolok, 2002
|g S. 281-299
|z 8096696475
|
| 852 |
|
|
|a SNK
|b KIS3GCP
|
| 958 |
|
|
|a NB
|
| 958 |
|
|
|a BX
|
| 999 |
|
|
|c 1736699
|d 1738629
|